<?xml version="1.0" encoding="UTF-8"?><?xml-stylesheet type="text/xsl" href="static/style.xsl"?><OAI-PMH xmlns="http://www.openarchives.org/OAI/2.0/" xmlns:xsi="http://www.w3.org/2001/XMLSchema-instance" xsi:schemaLocation="http://www.openarchives.org/OAI/2.0/ http://www.openarchives.org/OAI/2.0/OAI-PMH.xsd"><responseDate>2026-04-14T05:41:33Z</responseDate><request verb="GetRecord" identifier="oai:www.recercat.cat:20.500.12327/2958" metadataPrefix="marc">https://recercat.cat/oai/request</request><GetRecord><record><header><identifier>oai:recercat.cat:20.500.12327/2958</identifier><datestamp>2025-10-22T11:18:13Z</datestamp><setSpec>com_2072_4428</setSpec><setSpec>com_2072_4427</setSpec><setSpec>col_2072_487898</setSpec></header><metadata><record xmlns="http://www.loc.gov/MARC21/slim" xmlns:dcterms="http://purl.org/dc/terms/" xmlns:xsi="http://www.w3.org/2001/XMLSchema-instance" xmlns:doc="http://www.lyncode.com/xoai" xsi:schemaLocation="http://www.loc.gov/MARC21/slim http://www.loc.gov/standards/marcxml/schema/MARC21slim.xsd">
   <leader>00925njm 22002777a 4500</leader>
   <datafield ind2=" " ind1=" " tag="042">
      <subfield code="a">dc</subfield>
   </datafield>
   <datafield ind2=" " ind1=" " tag="720">
      <subfield code="a">Menajovsky, María Fernanda</subfield>
      <subfield code="e">author</subfield>
   </datafield>
   <datafield ind2=" " ind1=" " tag="720">
      <subfield code="a">Espunyes, Johan</subfield>
      <subfield code="e">author</subfield>
   </datafield>
   <datafield ind2=" " ind1=" " tag="720">
      <subfield code="a">Ulloa, Gabriela</subfield>
      <subfield code="e">author</subfield>
   </datafield>
   <datafield ind2=" " ind1=" " tag="720">
      <subfield code="a">Calderon, Maritza</subfield>
      <subfield code="e">author</subfield>
   </datafield>
   <datafield ind2=" " ind1=" " tag="720">
      <subfield code="a">Diestra, Andrea</subfield>
      <subfield code="e">author</subfield>
   </datafield>
   <datafield ind2=" " ind1=" " tag="720">
      <subfield code="a">Malaga, Edith</subfield>
      <subfield code="e">author</subfield>
   </datafield>
   <datafield ind2=" " ind1=" " tag="720">
      <subfield code="a">Muñoz, Carmen</subfield>
      <subfield code="e">author</subfield>
   </datafield>
   <datafield ind2=" " ind1=" " tag="720">
      <subfield code="a">Montero, Stephanie</subfield>
      <subfield code="e">author</subfield>
   </datafield>
   <datafield ind2=" " ind1=" " tag="720">
      <subfield code="a">Lescano, Andres G.</subfield>
      <subfield code="e">author</subfield>
   </datafield>
   <datafield ind2=" " ind1=" " tag="720">
      <subfield code="a">Santolalla, Meddly L.</subfield>
      <subfield code="e">author</subfield>
   </datafield>
   <datafield ind2=" " ind1=" " tag="720">
      <subfield code="a">Cabezon, Oscar</subfield>
      <subfield code="e">author</subfield>
   </datafield>
   <datafield ind2=" " ind1=" " tag="720">
      <subfield code="a">Mayor, Pedro</subfield>
      <subfield code="e">author</subfield>
   </datafield>
   <datafield ind2=" " ind1=" " tag="260">
      <subfield code="c">2024-04-26</subfield>
   </datafield>
   <datafield ind2=" " ind1=" " tag="520">
      <subfield code="a">Toxoplasma gondii is a ubiquitous zoonotic protozoan parasite that infects a wide variety&#xd;
range of warm-blooded animals. This study describes the epidemiological scenario of T. gondii in&#xd;
an indigenous community that relies on subsistence hunting in a well-conserved and isolated area&#xd;
of the Peruvian Amazon. The high seropositivity against T. gondii in humans (83.3% IgG and 6.1%&#xd;
IgM), wild mammals (30.45%, 17 species), peri-domestic rodents (10.0% Rattus sp.), and domestic&#xd;
animals (94.1% dogs and 100% cats) indicates the existence of a sylvatic cycle in the community under&#xd;
study. Individual age was found to be positively associated with IgG detection against T. gondii&#xd;
but not with IgM. It is estimated that each family consumed 5.67 infected animals per year with&#xd;
terrestrial species having higher infective rates than arboreal species. The main risk factors included&#xd;
improper handling and cooking of wild meat, poor hygiene practices, and feeding uncooked offal to&#xd;
domestic animals. This scenario results in a continuous process of infection and reinfection within&#xd;
the indigenous community with cats, dogs, and peri-domestic animals becoming infected through&#xd;
the ingestion of infected raw viscera. Our results emphasize the need to promote safe food handling&#xd;
practices and disposal of waste materials from hunted animals in such communities.</subfield>
   </datafield>
   <datafield ind1="8" ind2=" " tag="024">
      <subfield code="a">Menajovsky, María Fernanda, Johan Espunyes, Gabriela Ulloa, Maritza Calderon, Andrea Diestra, Edith  Malaga, Carmen Muñoz, Stephanie Montero, Andres G. Lescano,  Meddly L. Santolalla, et al. 2024. “Toxoplasma gondii in a Remote Subsistence Hunting-Based Indigenous Community of the Peruvian Amazon”. Tropical Medicine and Infectious Disease. 9 (5): 98. doi: 10.3390/tropicalmed9050098</subfield>
   </datafield>
   <datafield ind1="8" ind2=" " tag="024">
      <subfield code="a">2414-6366</subfield>
   </datafield>
   <datafield ind1="8" ind2=" " tag="024">
      <subfield code="a">http://hdl.handle.net/20.500.12327/2958</subfield>
   </datafield>
   <datafield ind1="8" ind2=" " tag="024">
      <subfield code="a">https://doi.org/10.3390/tropicalmed9050098</subfield>
   </datafield>
   <datafield ind2="0" ind1="0" tag="245">
      <subfield code="a">Toxoplasma gondii in a Remote Subsistence Hunting-Based Indigenous Community of the Peruvian Amazon</subfield>
   </datafield>
</record></metadata></record></GetRecord></OAI-PMH>